ARRUPE JESUIT UNIVERSITY

CORONAVIRUS -STOP THE SPREAD - CLEAN,DISINFECT,COVER

A wreath for Fr. Mayer / (Record no. 118928)

MARC details
000 -LEADER
fixed length control field 00765cam a22002657a 4500
001 - CONTROL NUMBER
control field 15925495
003 - CONTROL NUMBER IDENTIFIER
control field ARRUPE
005 - DATE AND TIME OF LATEST TRANSACTION
control field 20140226020008.0
008 - FIXED-LENGTH DATA ELEMENTS--GENERAL INFORMATION
fixed length control field 090929s2008 tz 000 f eng
010 ## - LIBRARY OF CONGRESS CONTROL NUMBER
LC control number 2009333087
020 ## - INTERNATIONAL STANDARD BOOK NUMBER
International Standard Book Number 9789976973341
020 ## - INTERNATIONAL STANDARD BOOK NUMBER
International Standard Book Number 9976973349
040 ## - CATALOGING SOURCE
Original cataloging agency DLC
Transcribing agency DLC
042 ## - AUTHENTICATION CODE
Authentication code lcode
050 00 - LIBRARY OF CONGRESS CALL NUMBER
Classification number PR9385.7.N33.W7
300 ## - PHYSICAL DESCRIPTION
Dimensions 21 cm.
100 1# - MAIN ENTRY--PERSONAL NAME
Personal name Ndunguru, S. N.
9 (RLIN) 4663
245 12 - TITLE STATEMENT
Title A wreath for Fr. Mayer /
Statement of responsibility, etc Severin Ndunguru.
246 3# - VARYING FORM OF TITLE
Title proper/short title Wreath for Father Mayer
250 ## - EDITION STATEMENT
Edition statement Rev. ed.
260 ## - PUBLICATION, DISTRIBUTION, ETC. (IMPRINT)
Place of publication, distribution, etc Dar es Salaam, Tanzania :
Name of publisher, distributor, etc Mkuki na Nyota Publishers,
Date of publication, distribution, etc 2008.
300 ## - PHYSICAL DESCRIPTION
Extent 158 p. ;
906 ## - LOCAL DATA ELEMENT F, LDF (RLIN)
a 7
b cbc
c origode
d 4
e ncip
f 20
g y-gencatlg
942 ## - ADDED ENTRY ELEMENTS (KOHA)
Source of classification or shelving scheme Library of Congress Classification
Koha item type Monograph ( Printed materials)
Koha issues (borrowed), all copies 1
Holdings
Withdrawn status Lost status Source of classification or shelving scheme Damaged status Not for loan Home library Current library Shelving location Date acquired Total Checkouts Full call number Barcode Date last seen Date checked out Price effective from Koha item type
    Library of Congress Classification     ARRUPE LIBRARY ARRUPE LIBRARY Main Collection 02/12/2013 1 PR9385.7.N33.W7 464123638 24/03/2014 25/02/2014 02/12/2013 Monograph ( Printed materials)

 

Arrupe Library. PO Box MP320 Mt Pleasant, Harare, Zimbabwe
263 242 745411|librarian@aju.ac.zw